Joseph or Ralph Fiennes? Quiz Stats

 Plays Quiz not verified by Sporcle

Challenge
Share
Tweet
Embed
Score 0/30 Timer 04:00
0 Plays Today
Fiennes Movie J or R % Correct
Harry Potter and the Deathly Hallows: Part 1???
90.5%
Schindler's List???
90.4%
The English Patient???
88.2%
Shakespeare in Love???
85.7%
The Constant Gardener???
83.9%
Maid in Manhattan???
82.3%
Against the Current???
80.3%
Stealing Beauty???
79%
Quiz Show???
77.4%
The Very Thought of You???
74.4%
The Reader???
74.2%
The Merchant of Venice???
73%
Luther???
71.8%
The Great Raid???
71.5%
Killing Me Softly???
68.9%
Fiennes Movie J or R % Correct
In Bruges???
68.7%
Dust???
67%
The End of the Affair???
65.5%
Enemy at the Gates???
65.1%
Elizabeth???
64.4%
Clash of the Titans???
63.9%
Coriolanus???
62.6%
Nanny McPhee Returns???
61.4%
Wuthering Heights???
60.1%
Leo???
57.6%
The Red Baron???
56.8%
Wallace & Gromit: The Curse of the Were-Rabbit???
54.7%
The Duchess???
54.5%
The Hurt Locker???
52.4%
Bernard & Doris???
47.1%

You're not logged in!

Compare scores with friends on all Sporcle quizzes.
OR
Log In

You Might Also Like...

Show Comments

Extras

Top Quizzes Today


Score Distribution

Your Account Isn't Verified!

In order to create a playlist on Sporcle, you need to verify the email address you used during registration. Go to your Sporcle Settings to finish the process.

Report this User

Report this user for behavior that violates our Community Guidelines.

Details: